|
|
|
|
| LEADER |
01751nam a2200457 a 4500 |
| 001 |
000003516 |
| 003 |
CZ BrMZK |
| 005 |
20130308081926.0 |
| 007 |
ta |
| 008 |
930824s1993 xr f cze d |
| 015 |
|
|
|a cnb000078865
|
| 020 |
|
|
|a 80-85247-42-9
|q (brož.)
|
| 035 |
|
|
|a (OCoLC)31900301
|
| 040 |
|
|
|a ABA001
|b cze
|
| 080 |
9 |
|
|a 929Bruno,G.
|
| 080 |
9 |
|
|a 26
|
| 080 |
9 |
|
|a 885.0-31
|
| 100 |
1 |
|
|a Mácha, Karel,
|d 1931-
|7 jk01072913
|4 aut
|
| 245 |
1 |
0 |
|a Giordano Bruno /
|c Karel Mácha ; grafická úprava Jiří Hanák ; obálka Karel Rechlík
|
| 250 |
|
|
|a 1. vyd.
|
| 260 |
|
|
|a Brno :
|b Petrov,
|c 1993
|
| 300 |
|
|
|a 121 s. ;
|c 19 cm
|
| 500 |
|
|
|a 3000 výt.
|
| 500 |
|
|
|a Obálka Karel Rechlík
|
| 500 |
|
|
|a Frontispis
|
| 500 |
|
|
|a Jmenný rejstřík
|
| 504 |
|
|
|a Obsahuje bibliografii
|
| 500 |
|
|
|a Dostupné též v digitální podobě v aplikaci Kramerius
|
| 600 |
1 |
7 |
|a Bruno, Giordano,
|d 1548-1600
|7 jn20000700247
|2 czenas
|
| 653 |
0 |
|
|a církevní dějiny
|a filozofie humanistická
|a inkvizice
|
| 655 |
|
7 |
|a biografické romány
|7 fd131905
|2 czenas
|
| 700 |
1 |
|
|a Rechlík, Karel,
|d 1950-
|7 jn20000728550
|4 art
|
| 700 |
1 |
|
|a Hanák, Jiří
|7 jn19981001414
|4 art
|
| 856 |
4 |
1 |
|u http://www.digitalniknihovna.cz/mzk/uuid/uuid:e71a0cc0-a30b-11e5-b5dc-005056827e51
|y Digitalizovaný dokument
|x NDK
|
| 910 |
|
|
|a BOA001
|b 1-0992.227
|b PK-0119.648
|
| 920 |
|
|
|a 000025596
|
| 990 |
|
|
|a BK
|
| 991 |
|
|
|f B-MÁC
|
| 996 |
7 |
|
|b 2610002229
|c 1-0992.227
|l MZK
|r Sklad / do 1 hodiny
|n 37
|p p.v.
|w 000003516
|u 000010
|a 1
|e BOA001
|j MZK50
|s A
|
| 996 |
6 |
|
|b 2610563417
|c 1-0992.227
|l MZK
|r Sklad / do 1 hodiny
|n 0
|p dar
|w 000003516
|u 000030
|a 1
|e BOA001
|j MZK50
|s P
|
| 996 |
7 |
|
|b 3119994768
|c PK-0119.648
|l MZK
|r Sklad / do 1 hodiny
|n 38
|w 000003516
|u 000020
|a 1
|e BOA001
|j MZK50
|s A
|